| 000 | 01098nam a2200229Ia 4500 | ||
|---|---|---|---|
| 003 | Ost | ||
| 005 | 20260507075758.0 | ||
| 008 | 260507s9999||||xx |||||||||||||| ||und|| | ||
| 020 | _a9789969537857 | ||
| 040 | _cfsecg | ||
| 041 | _aara | ||
| 082 | _a658.112 | ||
| 100 |
_aتقار، امحمد _eمؤلف |
||
| 245 | 0 |
_aمدخل إلى إدارة المعرفة : _bوفق عدد من الرؤى في الفكر الإداري / _c امحمد تقار |
|
| 260 |
_aالجزائر: _bدار إيلياء للنشر والتوزيع, _c2024 |
||
| 300 |
_a119 صفحة؛ _bإيضاحات ؛ _c24 سم |
||
| 504 | _aببليوغرافيا: ص.ص113-119 | ||
| 520 | _aإدارة المعرفة في المنظور القائم على الموارد، إدارة المعرفة في المنظور القائم على المعرفة، إدارة المعرفة من منظور الثقافة التنظيمية، إدارة المعرفة في المنظور التفاعلي أو الديناميكي، | ||
| 653 | _aإدارة المعرفة | ||
| 653 | _aالمعرفة | ||
| 942 | _cكتاب | ||
| 999 |
_c46256 _d46256 |
||